Necesaria lejanía

Salvato in:
Dettagli Bibliografici
Autori principali: Daydi-Tolson, Santiago (Autore), Pope, Randolph (Autore)
Altri autori: Nordenflycht Bresky, Adolfo de (autor), Rodríguez Severín, Virgilio de Jesús (autor)
Natura: Libro
Lingua:spagnolo
Pubblicazione: Valparaíso Salesiana 1970
Soggetti:
Tags: Aggiungi Tag
Nessun Tag, puoi essere il primo ad aggiungerne!!

MARC

LEADER 00000nam a2200000 a 4500
001 UCQ6306
003 CL-VaPUC
008 981009e19700000CL |||||||||||||||||spa|d
082 0 4 |a Ch861  |b DAY  |2 21 
100 |a Daydi-Tolson, Santiago  |e author  |9 330148 
700 |a Nordenflycht Bresky, Adolfo de  |e autor  |9 621524 
700 0 |a Pope, Randolph  |e author  |9 420182 
700 |a Rodríguez Severín, Virgilio de Jesús   |e autor  |9 774457 
245 1 0 |a Necesaria lejanía 
300 |a 66 p 
942 |c BK 
945 |d 19981009 00:00:00  |a crobeson 
260 |a Valparaíso  |b Salesiana  |c 1970 
650 0 |a Poesías chilenas   |9 265280 
650 0 |a Literatura chilena   |9 308278 
583 |a last modification  |c 19981009 00:00:00  |k Rodrigo Vera 
999 |c 276305  |d 276303 
952 |0 0  |1 0  |4 0  |6 CH_861_000000000000000_DAY_1970  |7 0  |8 A  |9 313478  |a BIBEDU  |b BIBEDU  |d 2019-11-20  |i 1477978  |o Ch861 DAY 1970  |p 1477978  |r 2019-11-20  |w 2019-11-20  |y BK  |k LIT